Eastern Utah Libraries Catalog: Duchesne, Heber, Roosevelt, & Vernal

Room one : (Record no. 47553)

MARC details
000 -LEADER
fixed length control field 03021cam a2200529 a 4500
003 - CONTROL NUMBER IDENTIFIER
control field OCoLC
005 - DATE AND TIME OF LATEST TRANSACTION
control field 20241220120718.0
008 - FIXED-LENGTH DATA ELEMENTS--GENERAL INFORMATION
fixed length control field 060222s2006 nyua c 000 f eng
001 - CONTROL NUMBER
control field ocm63519275
010 ## - LIBRARY OF CONGRESS CONTROL NUMBER
LC control number 2006004303
020 ## - INTERNATIONAL STANDARD BOOK NUMBER
International Standard Book Number 0689866860 (hardcover)
020 ## - INTERNATIONAL STANDARD BOOK NUMBER
International Standard Book Number 9780689866869 (hardcover)
029 1# - (OCLC)
OCLC library identifier YDXCP
System control number 2438658
035 ## - SYSTEM CONTROL NUMBER
System control number (Sirsi) i9780689866869
035 ## - SYSTEM CONTROL NUMBER
System control number (OCoLC)63519275
037 ## - SOURCE OF ACQUISITION
Source of stock number/acquisition Junior Library Guild
Note http://www.juniorlibraryguild.com
040 ## - CATALOGING SOURCE
Original cataloging agency DLC
Transcribing agency DLC
Modifying agency JLGCP
-- BAKER
-- TEF
-- XY4
-- BTCTA
-- EHH
-- VP@
-- YDXCP
-- UINTA
042 ## - AUTHENTICATION CODE
Authentication code lcac
049 ## - LOCAL HOLDINGS (OCLC)
Holding library UCLB
050 00 - LIBRARY OF CONGRESS CALL NUMBER
Classification number PZ7.C59118
Item number Ro 2006
082 00 - DEWEY DECIMAL CLASSIFICATION NUMBER
Classification number [Fic]
Edition number 22
092 ## - LOCALLY ASSIGNED DEWEY CALL NUMBER (OCLC)
Classification number CLEMENTS
100 1# - MAIN ENTRY--PERSONAL NAME
Personal name Clements, Andrew,
Dates associated with a name 1949-
9 (RLIN) 33328
245 10 - TITLE STATEMENT
Title Room one :
Remainder of title a mystery or two /
Statement of responsibility, etc Andrew Clements ; illustrations by Chris Blair.
250 ## - EDITION STATEMENT
Edition statement 1st ed.
260 ## - PUBLICATION, DISTRIBUTION, ETC. (IMPRINT)
Place of publication, distribution, etc New York :
Name of publisher, distributor, etc Simon & Schuster Books for Young Readers,
Date of publication, distribution, etc c2006.
300 ## - PHYSICAL DESCRIPTION
Extent 162, [6] p. :
Other physical details ill. ;
Dimensions 22 cm.
586 8# - AWARDS NOTE
Awards note A Junior Library Guild selection.
521 8# - TARGET AUDIENCE NOTE
Target audience note Ages 8-12.
520 ## - SUMMARY, ETC.
Summary, etc Ted Hammond, the only sixth grader in his small Nebraska town's one-room schoolhouse, searches for clues to the disappearance of a homeless family. Ted Hammond loves a good mystery, and in the spring of his fifth-grade year, he's working on a big one. How can his school in the little town of Plattsford stay open next year if there are going to be only five students? Out here on the Great Plains in western Nebraska, everyone understands that if you lose the school, you lose the town. But the mystery that has Ted's full attention at the moment is about that face, the face he sees in the upper window of the Andersons' house as he rides past on his paper route. The Andersons moved away two years ago, and their old farmhouse is empty, boarded up tight. At least it's supposed to be. A shrinking school in a dying town. A face in the window of an empty house. At first these facts don't seem to be related. But Ted Hammond learns that in a very small town, there's no such thing as an isolated event. And the solution of one mystery is often the beginning of another.
650 #1 - SUBJECT ADDED ENTRY--TOPICAL TERM
Topical term or geographic name as entry element Schools
Form subdivision Fiction.
9 (RLIN) 5673727
650 #0 - SUBJECT ADDED ENTRY--TOPICAL TERM
Topical term or geographic name as entry element City and town life
Form subdivision Juvenile fiction.
9 (RLIN) 5686161
650 #1 - SUBJECT ADDED ENTRY--TOPICAL TERM
Topical term or geographic name as entry element Homeless persons
Form subdivision Fiction.
9 (RLIN) 5681257
651 #0 - SUBJECT ADDED ENTRY--GEOGRAPHIC NAME
Geographic name Nebraska
Form subdivision Juvenile fiction.
9 (RLIN) 6446121
650 #1 - SUBJECT ADDED ENTRY--TOPICAL TERM
Topical term or geographic name as entry element Mystery and detective stories
Form subdivision Fiction.
9 (RLIN) 5698625
650 #0 - SUBJECT ADDED ENTRY--TOPICAL TERM
Topical term or geographic name as entry element Schools
Form subdivision Juvenile fiction.
9 (RLIN) 6174306
650 #0 - SUBJECT ADDED ENTRY--TOPICAL TERM
Topical term or geographic name as entry element Homeless persons
Form subdivision Juvenile fiction.
9 (RLIN) 5723023
700 1# - ADDED ENTRY--PERSONAL NAME
Personal name Blair, Chris,
Dates associated with a name 1968- ,
9 (RLIN) 55332
856 42 - ELECTRONIC LOCATION AND ACCESS
Materials specified Publisher description
Uniform Resource Identifier <a href="http://www.loc.gov/catdir/enhancements/fy0641/2006004303-d.html">http://www.loc.gov/catdir/enhancements/fy0641/2006004303-d.html</a>
856 41 - ELECTRONIC LOCATION AND ACCESS
Materials specified Sample text
Uniform Resource Identifier <a href="http://www.loc.gov/catdir/enhancements/fy0643/2006004303-s.html">http://www.loc.gov/catdir/enhancements/fy0643/2006004303-s.html</a>
938 ## -
-- Baker & Taylor
-- BKTY
-- 15.95
-- 11.96
-- 0689866860
-- 0006680435
-- active
938 ## -
-- Baker and Taylor
-- BTCP
-- 2006004303
938 ## -
-- YBP Library Services
-- YANK
-- 2438658
942 ## - ADDED ENTRY ELEMENTS (KOHA)
Koha item type BOOK
994 ## -
-- C0
-- UINTA
998 ## - LOCAL CONTROL INFORMATION (RLIN)
-- a103323
Holdings
Withdrawn status Lost status Source of classification or shelving scheme Damaged status Not for loan Collection code Home library Current library Shelving location Date acquired Source of acquisition Cost, normal purchase price Total Checkouts Total Renewals Full call number Barcode Date last seen Date checked out Cost, replacement price Price effective from Koha item type
    Dewey Decimal Classification     Junior Fiction Wasatch County Library Wasatch County Library Main Floor Junior Area 01/04/2013 Donation 15.95 19 1 J Clements 34301001100033 08/16/2025 08/04/2025 15.95 03/20/2020 BOOK
This project was made possible through a grant from the Institute of Museum and Library Service administered by the Utah State Library Division.

Wasatch County Library

  • 465 East 1200 South, Heber City, Utah 84032
  • Phone 435-654-1511 | Fax 435-654-6456

Hours

  • Monday - Friday 9:30 AM - 8:00 PM
  • Saturday 9:30 AM - 1:30 PM
  • Closed Sundays and Holidays